| 000 | 00450 a2200169 4500 | ||
|---|---|---|---|
| 020 | _a047105464X | ||
| 035 | _a389871 | ||
| 040 |
_aDLC _bDLC |
||
| 100 | 1 | 0 | _aBartle, Robert Gardner |
| 245 | 1 | 4 |
_aThe elements of real analysis _cRobert G. Bartle. |
| 250 | _a2d ed. | ||
| 260 | 0 |
_aNew York _b: Wiley _c, c1976. |
|
| 300 |
_axv, 480 p. _b: ill. _c; 24 cm. |
||
| 500 | _aIncludes index. | ||
| 650 | 0 | _aMathematical analysis. | |
| 942 |
_cBK _k515.8 BAR _2ddc |
||
| 999 |
_c7675 _d7675 |
||